[Event "WCO 2016"]
[Site "?"]
[Date "2016.09.09"]
[Round "7"]
[Board "8"]
[WhiteID "13702114"]
[White "Ankudinova Yelena"]
[BlackID "4901347"]
[Black "Lkhamsuren Uuganbayar"]
[Result "0-1"]
[BlackElo "2147"]
[WhiteElo "2126"]
[LiveChessVersion "1.4.8"]

1. c4 {[%clk 1:30:56]} e5 {[%clk 1:30:20]} 2. Nc3 {[%clk 1:30:56]} Nf6
{[%clk 1:30:37]} 3. Nf3 {[%clk 1:30:56]} Nc6 {[%clk 1:30:49]} 4. e4
{[%clk 1:28:53]} Bc5 {[%clk 1:22:46]} 5. Nxe5 {[%clk 1:29:12]} Nxe5
{[%clk 1:18:30]} 6. d4 {[%clk 1:29:34]} Bb4 {[%clk 1:06:31]} 7. dxe5
{[%clk 1:29:57]} Nxe4 {[%clk 1:05:31]} 8. Qf3 {[%clk 1:28:25]} d5
{[%clk 0:46:28]} 9. Be2 {[%clk 1:14:47]} O-O {[%clk 0:36:40]} 10. O-O
{[%clk 1:14:18]} Bxc3 {[%clk 0:36:23]} 11. bxc3 {[%clk 1:14:37]} Qe7
{[%clk 0:34:30]} 12. cxd5 Qxe5 {[%clk 0:33:59]} 13. Bd3 {[%clk 0:36:19]} Nf6
{[%clk 0:30:54]} 14. Ba3 {[%clk 0:35:20]} Bg4 {[%clk 0:25:29]} 15. Qg3
{[%clk 0:33:22]} Qxg3 {[%clk 0:23:31]} 16. hxg3 {[%clk 0:32:24]} Rfe8
{[%clk 0:23:22]} 17. f3 {[%clk 0:28:23]} Bd7 {[%clk 0:20:33]} 18. c4
{[%clk 0:27:42]} Re3 {[%clk 0:18:58]} 19. Rfd1 {[%clk 0:27:09]} Bf5
{[%clk 0:17:04]} 20. Bxf5 {[%clk 0:25:15]} Rxa3 {[%clk 0:17:30]} 21. Rd3
{[%clk 0:23:39]} Rxd3 {[%clk 0:16:22]} 22. Bxd3 {[%clk 0:24:07]} Kf8
{[%clk 0:12:19]} 23. g4 {[%clk 0:17:38]} h6 {[%clk 0:08:48]} 24. Re1
{[%clk 0:17:37]} Re8 {[%clk 0:08:41]} 25. Be4 {[%clk 0:13:04]} b6
{[%clk 0:08:56]} 26. Kf2 {[%clk 0:13:26]} Ke7 {[%clk 0:08:15]} 27. Ke3
{[%clk 0:08:54]} Kd6 {[%clk 0:08:32]} 28. Kd4 {[%clk 0:09:19]} Re5
{[%clk 0:02:35]} 29. Rf1 {[%clk 0:08:29]} Re7 {[%clk 0:00:53]} 30. Rc1
{[%clk 0:07:52]} Nd7 {[%clk 0:00:58]} 31. Rh1 {[%clk 0:07:59]} Nf6
{[%clk 0:01:11]} 32. Rc1 {[%clk 0:06:29]} Nd7 {[%clk 0:01:38]} 33. f4
{[%clk 0:04:53]} Nc5 {[%clk 0:01:46]} 34. Bf3 {[%clk 0:05:12]} Re8
{[%clk 0:00:43]} 35. Rh1 {[%clk 0:05:35]} Re7 {[%clk 0:00:46]} 36. Rh5
{[%clk 0:04:33]} Re1 {[%clk 0:00:41]} 37. g5 {[%clk 0:04:45]} hxg5
{[%clk 0:01:04]} 38. Rxg5 {[%clk 0:05:08]} g6 {[%clk 0:01:03]} 39. Re5
{[%clk 0:01:30]} Ra1 {[%clk 0:01:02]} 40. Re2 {[%clk 0:30:39]} Rd1+
{[%clk 0:31:06]} 41. Ke3 {[%clk 0:16:41]} Rd3+ {[%clk 0:29:58]} 42. Kf2
{[%clk 0:17:09]} Rc3 {[%clk 0:28:36]} 43. Kg3 {[%clk 0:15:18]} Rxc4
{[%clk 0:26:25]} 44. Kg4 {[%clk 0:15:34]} Nd3 {[%clk 0:22:06]} 45. g3
{[%clk 0:15:27]} Rc3 {[%clk 0:21:51]} 46. Bg2 {[%clk 0:05:40]} Nb4
{[%clk 0:20:04]} 47. Rd2 {[%clk 0:02:13]} Rc2 {[%clk 0:16:34]} 48. Rxc2
{[%clk 0:02:32]} Nxc2 {[%clk 0:17:01]} 49. Kg5 {[%clk 0:02:27]} Ne3
{[%clk 0:16:11]} 50. Kf6 {[%clk 0:02:03]} Nxg2 {[%clk 0:13:28]} 51. Kxf7
{[%clk 0:02:30]} Ne3 {[%clk 0:10:36]} 52. Kxg6 {[%clk 0:02:55]} Nxd5
{[%clk 0:09:34]} 53. f5 {[%clk 0:03:12]} Ke7 {[%clk 0:09:47]} 54. Kg7
{[%clk 0:01:19]} Nf6 {[%clk 0:09:59]} 0-1

[Event "WCO 2016"]
[Site "?"]
[Date "2016.09.09"]
[Round "7"]
[Board "9"]
[WhiteID "11601876"]
[White "Rogule Laura"]
[BlackID "937266"]
[Black "Rapport Jovana"]
[Result "1-0"]
[BlackElo "2318"]
[WhiteElo "2306"]
[LiveChessVersion "1.4.8"]

1. d4 {[%clk 1:30:56]} d6 {[%clk 1:28:30]} 2. Nf3 {[%clk 1:29:59]} Nf6
{[%clk 1:28:19]} 3. c4 {[%clk 1:26:20]} g6 {[%clk 1:28:24]} 4. g3
{[%clk 1:25:57]} Bg7 {[%clk 1:28:45]} 5. Bg2 {[%clk 1:26:15]} O-O
{[%clk 1:29:01]} 6. Nc3 {[%clk 1:24:50]} Nc6 {[%clk 1:28:44]} 7. O-O
{[%clk 1:24:54]} e5 {[%clk 1:29:04]} 8. e3 {[%clk 0:57:46]} Re8 {[%clk 1:17:48]}
9. d5 {[%clk 0:48:57]} Nb8 {[%clk 1:18:01]} 10. e4 {[%clk 0:45:23]} a5
{[%clk 1:17:13]} 11. Ne1 {[%clk 0:43:38]} Na6 {[%clk 1:14:59]} 12. a3
{[%clk 0:40:11]} Nc5 {[%clk 1:14:36]} 13. Be3 {[%clk 0:33:58]} Nfd7
{[%clk 1:11:21]} 14. b4 {[%clk 0:32:39]} axb4 {[%clk 1:09:49]} 15. axb4
{[%clk 0:33:07]} Rxa1 {[%clk 1:10:13]} 16. Qxa1 {[%clk 0:33:34]} Nb3
{[%clk 1:10:26]} 17. Qd1 {[%clk 0:31:33]} Nd4 {[%clk 1:10:27]} 18. Nc2
{[%clk 0:29:27]} Qf6 {[%clk 0:57:37]} 19. Bxd4 {[%clk 0:25:40]} exd4
{[%clk 0:57:53]} 20. Nb5 {[%clk 0:25:55]} Ne5 {[%clk 0:39:45]} 21. Ncxd4
{[%clk 0:22:33]} c6 {[%clk 0:38:04]} 22. Na3 {[%clk 0:15:29]} Bg4
{[%clk 0:30:54]} 23. f3 {[%clk 0:15:03]} Bd7 {[%clk 0:19:39]} 24. dxc6
{[%clk 0:08:50]} bxc6 {[%clk 0:19:51]} 25. Ndc2 {[%clk 0:07:46]} Qe6
{[%clk 0:18:15]} 26. Qe2 {[%clk 0:07:42]} f5 {[%clk 0:18:27]} 27. exf5
{[%clk 0:03:52]} Qxf5 {[%clk 0:18:30]} 28. Qd1 {[%clk 0:02:55]} Nf7
{[%clk 0:17:45]} 29. f4 {[%clk 0:01:31]} Rb8 {[%clk 0:16:21]} 30. Kh1
{[%clk 0:01:15]} Bb2 {[%clk 0:16:02]} 31. Qb1 {[%clk 0:00:46]} Qf6
{[%clk 0:16:01]} 32. b5 {[%clk 0:00:54]} cxb5 {[%clk 0:12:10]} 33. Nxb5
{[%clk 0:01:09]} Bf5 {[%clk 0:12:09]} 34. Qd1 {[%clk 0:01:21]} Kh8
{[%clk 0:10:55]} 35. Ne3 {[%clk 0:01:37]} Nh6 {[%clk 0:11:19]} 36. Qxd6
{[%clk 0:00:56]} Qxd6 {[%clk 0:08:52]} 37. Nxd6 {[%clk 0:01:25]} Bd3
{[%clk 0:09:16]} 38. Rd1 {[%clk 0:01:37]} Be2 {[%clk 0:03:57]} 39. Rd2
{[%clk 0:01:57]} Bc1 {[%clk 0:00:56]} 40. Rxe2 {[%clk 0:32:17]} Bxe3
{[%clk 0:31:25]} 41. Rxe3 {[%clk 0:30:55]} Rb1+ {[%clk 0:31:50]} 42. Bf1
{[%clk 0:31:21]} Rxf1+ {[%clk 0:32:13]} 43. Kg2 {[%clk 0:31:46]} Rd1
{[%clk 0:32:40]} 44. c5 {[%clk 0:26:37]} Rc1 {[%clk 0:29:14]} 45. Ne4
{[%clk 0:17:31]} Rc4 {[%clk 0:28:29]} 46. Kf3 {[%clk 0:17:32]} Nf5
{[%clk 0:28:40]} 47. Rc3 {[%clk 0:17:20]} Nd4+ {[%clk 0:28:29]} 48. Kf2
{[%clk 0:07:54]} Ra4 {[%clk 0:28:54]} 49. Nd2 {[%clk 0:07:13]} Ra2
{[%clk 0:26:53]} 50. Ke3 {[%clk 0:07:18]} Nc6 {[%clk 0:25:59]} 51. Nf3
{[%clk 0:07:15]} Kg7 {[%clk 0:25:25]} 52. Ne5 {[%clk 0:05:32]} Ne7
{[%clk 0:25:04]} 53. Kd4 {[%clk 0:03:58]} Rxh2 {[%clk 0:25:07]} 54. c6
{[%clk 0:04:18]} h5 {[%clk 0:22:22]} 55. c7 {[%clk 0:04:22]} Rh3 {[%clk 0:21:44]}
56. c8=Q {[%clk 0:03:58]} Nxc8 {[%clk 0:22:10]} 57. Rxc8 {[%clk 0:04:06]} Rxg3
{[%clk 0:22:26]} 58. Rc7+ {[%clk 0:04:27]} Kg8 {[%clk 0:13:37]} 59. Kd5
{[%clk 0:04:01]} h4 {[%clk 0:13:54]} 60. Ke6 {[%clk 0:03:50]} Ra3
{[%clk 0:14:20]} 61. Kf6 {[%clk 0:03:33]} Ra6+ {[%clk 0:14:40]} 62. Kg5
{[%clk 0:03:31]} h3 {[%clk 0:14:39]} 63. Rc3 {[%clk 0:03:16]} h2 {[%clk 0:12:32]}
64. Rh3 {[%clk 0:03:42]} Ra1 {[%clk 0:11:46]} 65. Rxh2 {[%clk 0:04:03]} Kg7
{[%clk 0:12:11]} 66. Rg2 {[%clk 0:03:36]} Rf1 {[%clk 0:05:58]} 67. Nxg6
{[%clk 0:03:56]} Rf3 {[%clk 0:06:25]} 68. Ne5 {[%clk 0:04:06]} Rf1
{[%clk 0:06:48]} 69. Rb2 {[%clk 0:04:07]} 1-0

[Event "WCO 2016"]
[Site "?"]
[Date "2016.09.09"]
[Round "7"]
[Board "10"]
[WhiteID "928615"]
[White "Chelushkina Irina"]
[BlackID "11601345"]
[Black "Berzina Ilze"]
[Result "1/2-1/2"]
[BlackElo "2241"]
[WhiteElo "2221"]
[LiveChessVersion "1.4.8"]

1. Nf3 {[%clk 1:30:56]} d5 {[%clk 1:30:44]} 2. g3 {[%clk 1:31:12]} c6
{[%clk 1:30:17]} 3. Bg2 {[%clk 1:31:37]} Bg4 {[%clk 1:30:26]} 4. d3
{[%clk 1:30:37]} Nd7 {[%clk 1:29:12]} 5. Nbd2 {[%clk 1:30:36]} Ngf6
{[%clk 1:27:09]} 6. O-O {[%clk 1:29:45]} e6 {[%clk 1:19:19]} 7. Qe1
{[%clk 1:29:00]} Bc5 {[%clk 1:16:41]} 8. Nb3 {[%clk 1:21:22]} Bd6
{[%clk 1:10:16]} 9. a4 {[%clk 1:21:33]} O-O {[%clk 1:10:09]} 10. a5
{[%clk 1:21:22]} e5 {[%clk 1:06:23]} 11. e4 {[%clk 1:21:34]} h6 {[%clk 0:58:19]}
12. Nh4 {[%clk 1:13:04]} Re8 {[%clk 0:57:47]} 13. Be3 {[%clk 1:01:57]} Qc8
{[%clk 0:47:23]} 14. f3 {[%clk 0:55:14]} Be6 {[%clk 0:47:27]} 15. g4
{[%clk 0:55:22]} dxe4 {[%clk 0:43:35]} 16. dxe4 {[%clk 0:54:32]} c5
{[%clk 0:39:39]} 17. Nc1 {[%clk 0:47:05]} c4 {[%clk 0:38:50]} 18. Kh1
{[%clk 0:45:39]} Bc5 {[%clk 0:37:10]} 19. Rg1 {[%clk 0:45:04]} Bxe3
{[%clk 0:29:59]} 20. Qxe3 {[%clk 0:45:33]} Qc5 {[%clk 0:29:16]} 21. Qxc5
{[%clk 0:40:09]} Nxc5 {[%clk 0:29:43]} 22. Bf1 {[%clk 0:40:03]} Red8
{[%clk 0:26:18]} 23. Ng2 {[%clk 0:38:20]} Rd2 {[%clk 0:09:58]} 24. Ne3
{[%clk 0:38:40]} Rad8 {[%clk 0:09:56]} 25. Ne2 {[%clk 0:32:53]} Nh7
{[%clk 0:08:39]} 26. Rc1 {[%clk 0:25:26]} Na4 {[%clk 0:06:55]} 27. Ra1
{[%clk 0:21:46]} Nc5 {[%clk 0:07:04]} 28. Nc3 {[%clk 0:19:30]} Ng5
{[%clk 0:06:57]} 29. Rg3 {[%clk 0:18:19]} Na6 {[%clk 0:05:26]} 30. h4
{[%clk 0:17:17]} Nh7 {[%clk 0:05:48]} 31. Ra4 {[%clk 0:14:24]} Nf8
{[%clk 0:05:24]} 32. h5 {[%clk 0:13:46]} Nh7 {[%clk 0:05:26]} 33. Ncd5
{[%clk 0:12:21]} Bxd5 {[%clk 0:04:06]} 34. exd5 {[%clk 0:12:46]} Nf6
{[%clk 0:02:55]} 35. Bxc4 {[%clk 0:05:24]} Nc7 {[%clk 0:03:17]} 36. Bd3
{[%clk 0:05:16]} Ncxd5 {[%clk 0:03:10]} 37. Nc4 {[%clk 0:04:37]} Rd1+
{[%clk 0:02:53]} 38. Rg1 {[%clk 0:05:00]} Rxg1+ {[%clk 0:02:55]} 39. Kxg1
{[%clk 0:05:26]} Nd7 {[%clk 0:01:21]} 40. Ra3 {[%clk 0:34:53]} Nf4
{[%clk 0:31:10]} 41. b4 {[%clk 0:31:10]} f6 {[%clk 0:19:41]} 42. Nd6
{[%clk 0:22:59]} b6 {[%clk 0:18:41]} 43. Nb7 {[%clk 0:18:12]} Rc8
{[%clk 0:18:13]} 44. axb6 {[%clk 0:18:35]} axb6 {[%clk 0:13:40]} 45. Nd6
{[%clk 0:18:15]} Rd8 {[%clk 0:13:16]} 46. Bc4+ {[%clk 0:17:06]} Kf8
{[%clk 0:11:16]} 47. Ra7 {[%clk 0:17:12]} e4 {[%clk 0:10:35]} 48. Nxe4
{[%clk 0:13:37]} Ne5 {[%clk 0:10:50]} 49. Bb3 {[%clk 0:10:47]} Nxf3+
{[%clk 0:11:06]} 50. Kf2 {[%clk 0:10:56]} Ne5 {[%clk 0:07:55]} 51. Rb7
{[%clk 0:10:48]} Nd5 {[%clk 0:05:07]} 52. Kg3 {[%clk 0:09:55]} Nxb4
{[%clk 0:05:19]} 53. Rxb6 {[%clk 0:09:32]} Nbc6 {[%clk 0:04:55]} 54. Nc5
{[%clk 0:09:39]} Rd1 {[%clk 0:03:00]} 55. Ne6+ {[%clk 0:09:08]} Ke7
{[%clk 0:03:12]} 56. Rb7+ {[%clk 0:08:17]} Kd6 {[%clk 0:03:19]} 57. Nxg7
{[%clk 0:05:47]} Rg1+ {[%clk 0:03:32]} 58. Kf2 {[%clk 0:03:45]} Rxg4
{[%clk 0:03:48]} 59. Nf5+ {[%clk 0:03:07]} Kc5 {[%clk 0:04:15]} 60. Nxh6
{[%clk 0:03:33]} Rh4 {[%clk 0:04:01]} 61. Nf7 {[%clk 0:03:38]} Rxh5
{[%clk 0:04:09]} 62. Nxe5 {[%clk 0:04:05]} fxe5 {[%clk 0:04:06]} 63. Ke3
{[%clk 0:03:30]} Rh3+ {[%clk 0:03:05]} 64. Ke4 1/2-1/2

[Event "WCO 2016"]
[Site "?"]
[Date "2016.09.09"]
[Round "7"]
[Board "11"]
[WhiteID "11600241"]
[White "Erneste Inguna"]
[BlackID "913553"]
[Black "Velikic Adela"]
[Result "1/2-1/2"]
[BlackElo "2260"]
[WhiteElo "2178"]
[LiveChessVersion "1.4.8"]

1. e4 {[%clk 1:30:42]} c6 {[%clk 1:30:55]} 2. d4 {[%clk 1:31:08]} d5
{[%clk 1:31:22]} 3. Nc3 {[%clk 1:31:26]} dxe4 {[%clk 1:31:47]} 4. Nxe4
{[%clk 1:31:50]} Bf5 {[%clk 1:32:13]} 5. Ng3 {[%clk 1:32:12]} Bg6
{[%clk 1:32:38]} 6. Nf3 {[%clk 1:32:20]} Nd7 {[%clk 1:33:02]} 7. h4
{[%clk 1:32:23]} h6 {[%clk 1:33:27]} 8. h5 {[%clk 1:32:47]} Bh7 {[%clk 1:33:53]}
9. Bd3 {[%clk 1:32:52]} Bxd3 {[%clk 1:34:16]} 10. Qxd3 {[%clk 1:33:19]} e6
{[%clk 1:34:39]} 11. Bd2 {[%clk 1:32:17]} a5 {[%clk 1:35:00]} 12. O-O-O
{[%clk 1:04:58]} Bb4 {[%clk 1:35:23]} 13. c3 {[%clk 1:01:29]} Be7
{[%clk 1:35:47]} 14. Ne4 {[%clk 0:58:24]} Ngf6 {[%clk 1:35:13]} 15. Kb1
{[%clk 0:57:17]} a4 {[%clk 1:34:55]} 16. Nxf6+ {[%clk 0:55:59]} Nxf6
{[%clk 1:35:16]} 17. Ne5 {[%clk 0:54:36]} Qd5 {[%clk 1:33:45]} 18. f3
{[%clk 0:50:50]} Nd7 {[%clk 1:26:33]} 19. Nxd7 {[%clk 0:48:13]} Qxd7
{[%clk 1:26:56]} 20. g4 {[%clk 0:46:20]} b5 {[%clk 1:24:52]} 21. Be3
{[%clk 0:28:53]} b4 {[%clk 1:11:29]} 22. cxb4 {[%clk 0:25:27]} Bxb4
{[%clk 1:09:13]} 23. Qc4 {[%clk 0:25:33]} Be7 {[%clk 1:08:26]} 24. Rc1
{[%clk 0:22:31]} a3 {[%clk 0:55:07]} 25. b3 {[%clk 0:17:55]} Rc8 {[%clk 0:54:23]}
26. Rc2 {[%clk 0:14:46]} O-O {[%clk 0:53:48]} 27. Rg1 {[%clk 0:10:08]} Rfd8
{[%clk 0:38:38]} 28. f4 {[%clk 0:09:50]} Bf6 {[%clk 0:34:34]} 29. Rgc1
{[%clk 0:06:45]} Bxd4 {[%clk 0:10:45]} 30. Bxd4 {[%clk 0:07:09]} Qxd4
{[%clk 0:11:12]} 31. Rf1 {[%clk 0:07:13]} Qf6 {[%clk 0:07:50]} 32. Qc5
{[%clk 0:06:28]} Qh4 {[%clk 0:06:18]} 33. Rg1 {[%clk 0:05:47]} Qf6
{[%clk 0:03:42]} 34. Qxa3 {[%clk 0:04:23]} Qxf4 {[%clk 0:04:03]} 35. Qc1
{[%clk 0:04:34]} Rd4 {[%clk 0:01:22]} 36. Qxf4 {[%clk 0:03:39]} Rxf4
{[%clk 0:01:52]} 37. Rc5 {[%clk 0:02:15]} f6 {[%clk 0:01:42]} 38. a3
{[%clk 0:02:19]} e5 {[%clk 0:01:28]} 39. Rg3 {[%clk 0:01:35]} Kf7
{[%clk 0:01:32]} 40. b4 {[%clk 0:31:25]} Rd4 {[%clk 0:30:51]} 41. Kc2
{[%clk 0:29:22]} Ke7 {[%clk 0:15:24]} 42. Kb3 {[%clk 0:21:59]} Kd6
{[%clk 0:11:05]} 43. a4 {[%clk 0:11:43]} Rb8 {[%clk 0:08:33]} 44. Rc4
{[%clk 0:11:38]} Rxc4 {[%clk 0:07:08]} 45. Kxc4 {[%clk 0:12:06]} e4
{[%clk 0:07:32]} 46. Rb3 {[%clk 0:06:16]} Ke5 {[%clk 0:07:12]} 47. Kc5
{[%clk 0:06:06]} Rc8 {[%clk 0:04:29]} 48. a5 {[%clk 0:04:14]} Kf4
{[%clk 0:03:55]} 49. Kb6 {[%clk 0:04:14]} e3 {[%clk 0:03:28]} 50. Kb7
{[%clk 0:04:00]} e2 {[%clk 0:03:33]} 51. Rb1 {[%clk 0:04:19]} Rd8
{[%clk 0:03:29]} 52. Re1 {[%clk 0:04:26]} Rd4 {[%clk 0:00:46]} 53. Rxe2
{[%clk 0:04:29]} Rxb4+ {[%clk 0:01:15]} 54. Kxc6 {[%clk 0:04:48]} Ra4
{[%clk 0:00:46]} 55. Kb5 {[%clk 0:04:39]} Ra1 {[%clk 0:01:04]} 56. a6
{[%clk 0:03:57]} Kxg4 {[%clk 0:01:32]} 57. Rg2+ {[%clk 0:03:42]} Kxh5
{[%clk 0:02:00]} 58. Rxg7 {[%clk 0:04:06]} f5 {[%clk 0:02:08]} 59. a7
{[%clk 0:04:03]} f4 {[%clk 0:02:28]} 60. Kc4 {[%clk 0:03:46]} f3 {[%clk 0:02:17]}
61. Kd3 {[%clk 0:03:57]} f2 {[%clk 0:01:47]} 62. Rf7 {[%clk 0:04:07]} Rxa7
{[%clk 0:01:43]} 63. Rxf2 {[%clk 0:04:32]} Kg4 {[%clk 0:01:20]} 64. Rf6
{[%clk 0:03:37]} h5 {[%clk 0:01:23]} 65. Ke2 {[%clk 0:02:58]} h4 {[%clk 0:00:54]}
66. Kf2 {[%clk 0:02:52]} Kh3 {[%clk 0:00:41]} 67. Kg1 {[%clk 0:03:01]} Rg7+
{[%clk 0:00:39]} 1/2-1/2

[Event "WCO 2016"]
[Site "?"]
[Date "2016.09.09"]
[Round "7"]
[Board "12"]
[WhiteID "938238"]
[White "Eric Jovana"]
[BlackID "11603550"]
[Black "Otikova Elina"]
[Result "1-0"]
[BlackElo "2051"]
[WhiteElo "2161"]
[LiveChessVersion "1.4.8"]

1. e4 {[%clk 1:30:57]} e5 {[%clk 1:30:46]} 2. Nf3 {[%clk 1:31:17]} Nc6
{[%clk 1:31:00]} 3. Bc4 {[%clk 1:31:36]} Bc5 {[%clk 1:31:03]} 4. d3
{[%clk 1:31:38]} Nf6 {[%clk 1:30:50]} 5. Bb3 {[%clk 1:31:22]} a6 {[%clk 1:29:14]}
6. c3 {[%clk 1:31:10]} d6 {[%clk 1:27:52]} 7. O-O {[%clk 1:30:31]} Ba7
{[%clk 1:25:17]} 8. Nbd2 {[%clk 1:29:54]} O-O {[%clk 1:24:52]} 9. h3
{[%clk 1:29:18]} b5 {[%clk 1:19:46]} 10. Re1 {[%clk 1:27:33]} Na5
{[%clk 1:17:47]} 11. Bc2 {[%clk 1:27:23]} c5 {[%clk 1:18:05]} 12. Nf1
{[%clk 1:26:46]} h6 {[%clk 1:17:12]} 13. Ng3 {[%clk 1:24:45]} Nc6
{[%clk 1:09:10]} 14. Nh2 {[%clk 1:15:32]} Be6 {[%clk 0:58:25]} 15. Qf3
{[%clk 1:13:51]} d5 {[%clk 0:53:21]} 16. Ng4 {[%clk 1:11:15]} Nxg4
{[%clk 0:42:14]} 17. hxg4 {[%clk 1:11:37]} d4 {[%clk 0:42:01]} 18. Nf5
{[%clk 1:08:07]} c4 {[%clk 0:29:27]} 19. g3 {[%clk 0:50:59]} Bxf5
{[%clk 0:25:41]} 20. exf5 {[%clk 0:49:41]} Qf6 {[%clk 0:24:58]} 21. dxc4
{[%clk 0:46:36]} bxc4 {[%clk 0:24:30]} 22. Be4 {[%clk 0:46:59]} Rac8
{[%clk 0:24:14]} 23. Kg2 {[%clk 0:46:56]} Rfd8 {[%clk 0:19:38]} 24. Rh1
{[%clk 0:46:41]} d3 {[%clk 0:16:05]} 25. Bd2 {[%clk 0:46:30]} Nb8
{[%clk 0:08:37]} 26. g5 hxg5 {[%clk 0:08:54]} 27. Rh5 {[%clk 0:38:58]} Qb6
{[%clk 0:08:20]} 28. Be3 {[%clk 0:35:49]} Qc7 {[%clk 0:05:17]} 29. f6
{[%clk 0:34:41]} Bxe3 {[%clk 0:04:41]} 30. Rah1 {[%clk 0:34:44]} 1-0

[Event "WCO 2016"]
[Site "?"]
[Date "2016.09.09"]
[Round "7"]
[Board "9"]
[WhiteID "109878"]
[White "Lujan Carolina"]
[BlackID "1700030"]
[Black "Cramling Pia"]
[Result "1/2-1/2"]
[BlackElo "2444"]
[WhiteElo "2378"]
[LiveChessVersion "1.4.8"]

1. e4 {[%clk 1:30:52]} c5 {[%clk 1:30:51]} 2. Nf3 {[%clk 1:31:12]} Nc6
{[%clk 1:31:15]} 3. d4 {[%clk 1:31:30]} cxd4 {[%clk 1:31:40]} 4. Nxd4
{[%clk 1:31:55]} e6 {[%clk 1:32:02]} 5. Nc3 {[%clk 1:32:09]} a6 {[%clk 1:32:17]}
6. Be3 {[%clk 1:26:09]} Nf6 {[%clk 1:31:49]} 7. Be2 {[%clk 1:24:57]} Bb4
{[%clk 1:27:07]} 8. O-O {[%clk 1:15:31]} O-O {[%clk 1:16:05]} 9. Nxc6
{[%clk 1:10:24]} bxc6 {[%clk 1:16:22]} 10. e5 {[%clk 1:05:05]} Nd5
{[%clk 1:16:23]} 11. Nxd5 {[%clk 1:04:48]} cxd5 {[%clk 1:16:14]} 12. Bd3
{[%clk 0:57:01]} Be7 {[%clk 1:12:19]} 13. Qg4 {[%clk 0:56:21]} f5
{[%clk 1:07:09]} 14. exf6 {[%clk 0:50:05]} Bxf6 {[%clk 1:07:23]} 15. Bd4
{[%clk 0:40:02]} Bxd4 {[%clk 0:53:34]} 16. Qxd4 {[%clk 0:40:18]} Rb8
{[%clk 0:50:53]} 17. b3 {[%clk 0:33:35]} a5 {[%clk 0:45:47]} 18. a3
{[%clk 0:31:49]} Qb6 {[%clk 0:38:50]} 19. Qh4 {[%clk 0:31:14]} g6
{[%clk 0:37:15]} 20. Qg3 {[%clk 0:29:52]} Rf7 {[%clk 0:33:46]} 21. a4
{[%clk 0:21:15]} Ra8 {[%clk 0:32:33]} 22. Bb5 {[%clk 0:16:08]} Bb7
{[%clk 0:31:57]} 23. Rad1 {[%clk 0:12:02]} Raf8 {[%clk 0:29:42]} 24. Rd2
{[%clk 0:09:37]} d6 {[%clk 0:28:21]} 25. Re1 {[%clk 0:09:44]} e5 {[%clk 0:26:48]}
26. c3 {[%clk 0:09:29]} Kg7 {[%clk 0:25:33]} 27. h3 {[%clk 0:08:30]} Qc5
{[%clk 0:23:25]} 28. Qe3 {[%clk 0:08:07]} Qc7 {[%clk 0:20:47]} 29. Ree2
{[%clk 0:05:28]} Ba8 {[%clk 0:17:54]} 30. Qg3 {[%clk 0:05:24]} Rf5
{[%clk 0:16:54]} 31. Qe3 {[%clk 0:04:29]} Qb7 {[%clk 0:16:15]} 32. Qg3
{[%clk 0:03:55]} Qe7 {[%clk 0:13:54]} 33. Qe3 {[%clk 0:02:46]} Qb7
{[%clk 0:13:07]} 34. Qg3 {[%clk 0:03:05]} Qe7 {[%clk 0:08:45]} 35. Qe3
{[%clk 0:03:25]} Qd8 {[%clk 0:08:17]} 36. Qa7+ {[%clk 0:02:18]} R8f7
{[%clk 0:08:16]} 37. Qe3 {[%clk 0:02:36]} Rg5 {[%clk 0:07:09]} 38. Qd3
{[%clk 0:00:49]} d4 {[%clk 0:05:12]} 39. f4 {[%clk 0:01:12]} Rxf4
{[%clk 0:05:29]} 40. cxd4 {[%clk 0:31:25]} Rxd4 {[%clk 0:32:21]} 41. Qe3
{[%clk 0:30:11]} Rxd2 {[%clk 0:26:53]} 42. Qa7+ {[%clk 0:29:26]} Kh6
{[%clk 0:22:50]} 43. Rxd2 {[%clk 0:29:49]} Qc8 {[%clk 0:14:16]} 44. Rf2
{[%clk 0:24:27]} Bb7 {[%clk 0:09:06]} 45. Qb6 {[%clk 0:15:18]} 1/2-1/2